Técnicas de física experimental / (Record no. 20317)

000 -CABECERA
fixed length control field 01324nam a22002177a 4500
003 - IDENTIFICADOR DEL NÚMERO DE CONTROL
control field AR-CdUCM
008 - DATOS DE LONGITUD FIJA--INFORMACIÓN GENERAL
fixed length control field 190528b ||||| |||| 00| 0 spa d
040 ## - FUENTE DE LA CATALOGACIÓN
Agencia/entidad que catalogó originalmente la obra MUNICIPALIDAD PROVINCIAL DEL CUSCO
Entidad que transcribió la catalogación BIBLIOTECA MUNICIPAL DEL CUSCO
082 ## - NÚMERO DE LA CLASIFICACIÓN DECIMAL DEWEY
No. de Clasificación 530.72 /
Notacion interna S83
100 ## - ENTRADA PRINCIPAL--NOMBRE DE PERSONA
Nombre Personal Strong, John
245 ## - MENCIÓN DE TÍTULO
Título Técnicas de física experimental /
260 ## - PUBLICACIÓN, DISTRIBUCIÓN, ETC.
Lugar de publicación, distribución, etc. Buenos Aires :
Nombre de la editorial, distribuidor, etc. Eudeba,
Fecha de publicación, distribución, etc. Eudeba,
300 ## - DESCRIPCIÓN FÍSICA
Nº de Páginas Extensión 2 tomos ;
Otros detalles físicos Ilustraciones,
Dimensiones 23 cm.
505 ## - NOTA DE CONTENIDO CON FORMATO
Nota de contenido formateada Contenido: t.1: Operaciones fundamentales para el soplado de vidrio -- Técnica para el taller de óptica -- La técnica del alto vacío -- Revestimiento de superficies: evaporación y proyección catódica -- El uso del cuarzo fundido -- Electrómetros y electroscopio -- Contadores Geiger -- t.2: Pilas termoeléctricas en vacío y medición de la enregía radiante -- Optica: fuentes luminosas, filtros e instrumentos ópticos -- Células fotoeléctricas y amplificadores -- La fotografía en el laboratorio -- Calor y alta temperatura -- Notas acerca de materiales de investigación -- Notas dobre construcción y diseño de instrumentos y aparatos -- Modelos y fundición.
650 ## - PUNTO DE ACCESO ADICIONAL DE MATERIA--TÉRMINO DE MATERIA
Descriptor Física
9 (RLIN) 2382
650 ## - PUNTO DE ACCESO ADICIONAL DE MATERIA--TÉRMINO DE MATERIA
Descriptor Manuales de laboratorio
9 (RLIN) 22558
700 ## - PUNTO DE ACCESO ADICIONAL--NOMBRE DE PERSONA
Nombre Personal Neher, Henry Victor
9 (RLIN) 42477
942 ## - ELEMENTOS DE PUNTO DE ACCESO ADICIONAL (KOHA)
Fuente de clasificación
Tipo de item Libros-BMC
945 ## - PROCESAMIENTO DE INFORMACIÓN LOCAL (OCLC)
Catalogador davv
AAAA-MM-DD - Fecha de ingreso o modificacion 2019-05-28
Holdings
Estado de retiro (separado) Fuente de clasificación o esquema de estanterías Estado dañado Ubicación Sala donde se ubica Nombre de la colección Fecha de adquisición o compra Costo, precio normal en soles Signatura topográfica Código de Barras Última vez visto (Koha) Tipo de ítem (Koha)
No     Sala Ciencias Sala Ciencias Book Cart 2019-05-28 30.00 530.72 / S83 SC0000001955 2019-05-28 Libros-BMC

Powered by Koha